| 000 | 00811nam a2200265 i 4500 | ||
|---|---|---|---|
| 001 | 5762 | ||
| 003 | ES-MaACL | ||
| 005 | 20250728062551.0 | ||
| 007 | t| | ||
| 008 | 890518s1988 sp ||||1| spa d | ||
| 020 | _a84-7398-559-1 | ||
| 080 | _a347.56:614.25 | ||
| 080 | _a614.25:347.56 | ||
| 100 | 1 |
_aFernández Costales, Javier. _949602 |
|
| 245 | 1 | 3 |
_aEl Contrato de servicios médicos / _cJavier Fernández Costales. |
| 250 | _a1a ed. | ||
| 260 |
_aMadrid : _bCivitas, _c1988. |
||
| 300 |
_a252 p. ; _c20 cm. |
||
| 490 | 1 | _aMonografías | |
| 500 | _aBibliografia. | ||
| 650 | 1 | 4 |
_aAsistencia sanitaria- _xContratos- _zEspaña. _910371 |
| 830 | 0 | 0 |
_aMonografías (Centro de Estudios Benaventanos "Ledo del Pozo") _9177262 |
| 852 |
_aES-MaACL _jL-12733 _bR.115647 _z. - rust. |
||
| 999 |
_c5762 _d5762 |
||